Pokemon - 2ème génération - Statistiques

Statistiques générales
  • Ce quiz a été pris 176 fois
  • Le résultat moyen est 80 sur 100
Statistiques - réponses
Par images Réponse % Correct
Noctali
96%
Pichu
95%
Germignon
94%
Aligatueur
92%
Héricendre
92%
Kaiminus
92%
Mentali
92%
Qulbutoké
92%
Togepi
92%
Typhlosion
92%
Zarbi
92%
Azumarill
90%
Capumain
90%
Celebi
90%
Démolosse
90%
Ho-Oh
90%
Marill
90%
Steelix
89%
Entei
88%
Cornèbre
87%
Hoothoot
87%
Lugia
87%
Mimigal
87%
Nostenfer
87%
Suicune
87%
Wattouat
87%
Raikou
86%
Hyporoi
84%
Lainergie
84%
Limagma
84%
Méganium
84%
Natu
84%
Pharamp
84%
Axoloto
83%
Coxy
83%
Écrémeuh
82%
Feuforêve
82%
Fouinette
82%
Mélo
82%
Porygon2
82%
Roigada
82%
Simularbre
82%
Coxyclaque
81%
Farfuret
81%
Malosse
81%
Ursaring
81%
Xatu
81%
Airmure
80%
Élekid
80%
Fouinar
80%
Insolourdo
80%
Tyranocif
80%
Embrylex
79%
Noarfang
79%
Cizayox
78%
Maraiste
78%
Phanpy
78%
Scorplane
78%
Girafarig
77%
Magby
77%
Teddiursa
77%
Togetic
77%
Cadoizo
76%
Cerfrousse
76%
Crocrodil
76%
Loupio
76%
Macronium
76%
Feurisson
75%
Joliflor
75%
Kapoera
75%
Marcacrin
75%
Pomdepik
75%
Queulorior
74%
Tournegrin
74%
Cotovol
72%
Donphan
72%
Lippouti
72%
Démanta
71%
Foretress
71%
Lanturn
71%
Leuphorie
71%
Scarhino
71%
Yanma
71%
Ymphect
71%
Corayon
70%
Migalos
70%
Octillery
70%
Cochignon
69%
Debugant
69%
Granbull
69%
Granivol
69%
Héliatronc
69%
Rémoraid
69%
Snubbull
69%
Volcaropod
69%
Floravol
68%
Qwilfish
68%
Toudoudou
67%
Caratroc
66%
Tarpaud
66%
Aucun quiz correspondant
Distribution des résultats
% des personnes avec chaque résultat
Percentile par nombre de réponses
Votre historique - résultats
Vous n’avez pas pris ce quiz